| 000 | 01079nam0a22002411 4500 | ||
|---|---|---|---|
| 001 | rc\469906 | ||
| 005 | 20260407151533.0 | ||
| 035 | _a(NLR Aleph) 005713703 | ||
| 090 |
_a7405087 _c7405087 |
||
| 100 | _a20030616d1987 |||y0rusy50 ca | ||
| 101 | 0 | _arus | |
| 102 | _aRU | ||
| 105 | _aa ||||||||| | ||
| 200 | 1 |
_aИнструкция о порядке содержания и эксплуатации спидометрового оборудования автомобилей _eУтв. М-вом внутр. дел СССР 20.01.87 и М-вом автомоб. трансп. РСФСР 31.12.86 _eВзамен Инструкции от 01.04.84 _eСрок действия с 01.07.87 |
|
| 210 |
_aМ. _cБ. и. _d1987 |
||
| 215 |
_a80, [2] с. _cил. _d22 |
||
| 300 | _aНа обл.: М-во автомоб. трансп. РСФСР, Техн. упр. | ||
| 712 | 0 | 1 |
_aСССР _bМинистерство внутренних дел _3RU\NLR\AUTH\8810028193 _9554906 |
| 801 | 0 |
_aRU _bNLR _gpsbo |
|
| 801 | 1 |
_aRU _bELAR _2rusmarc |
|
| 852 |
_aNLR _j87-6/5204 |
||
| 942 | _cBOOK | ||
| 980 | _aNB | ||